|
|
|
|
| LEADER |
00000nab a2200000 a 4500 |
| 001 |
vtls009449972 |
| 003 |
SK-MaSNL |
| 005 |
20260304015520.0 |
| 008 |
180228c2008 xo wr|p|||||||000 b|slo |
| 015 |
|
|
|a SNBRB2008/11
|2 snkbucl
|
| 040 |
|
|
|a SNKBUCL
|b slo
|c SNKBUCL
|e AACR2
|
| 041 |
0 |
|
|a slo
|
| 044 |
|
|
|a xo
|c SK
|
| 080 |
|
|
|a 94(37):364
|2 2001
|
| 080 |
|
|
|a 364-146.2
|2 2001
|
| 100 |
1 |
|
|a Krivošík, Lukáš,
|d 1983-
|4 aut
|9 78603
|
| 245 |
1 |
0 |
|a Sociálny štát v starom Ríme
|c Lukáš Krivošík
|
| 300 |
|
|
|b Fotogr.
|
| 650 |
0 |
7 |
|a sociálny systém
|2 snkbucl
|9 311187
|
| 650 |
0 |
7 |
|a sociálny štát
|2 snkbucl
|9 3719
|
| 651 |
|
7 |
|a Rímska ríša
|2 snkbucl
|9 212347
|
| 655 |
|
7 |
|a kritiky
|2 snkbucl
|9 28608
|
| 773 |
0 |
|
|t Týždeň
|g Roč. V, č. 47 (2008), s. 76-81
|x 1336-5932
|
| 852 |
|
|
|a SNK
|b KIS3GCP
|
| 999 |
|
|
|c 2592003
|d 2593933
|